000
00247nam a2200097Ia 4500
001
639908
005
20250826153437.0
008
250824s9999 xx 000 0 und d
245
0
_a
GARİP BİR RÜYA
_c
MARK TWAIN
260
_b
ANTİK DÜNYA KLASİKLERİ
999
_c
639908
_d
639908